| 000 | 00537nam a22001817a 4500 | ||
|---|---|---|---|
| 999 |
_c41676 _d41676 |
||
| 003 | OSt | ||
| 005 | 20221110102907.0 | ||
| 008 | 221102b ||||| |||| 00| 0 eng d | ||
| 020 | _a9789386235251 | ||
| 040 | _coclc | ||
| 082 |
_a576 _bKAN/T |
||
| 100 |
_aAnanthanarayan, R _94889 |
||
| 245 |
_aTextbook Of Microbiology / _c R Ananthanarayan ; C K Jayaram Paniker |
||
| 250 | _a10th ed. | ||
| 260 |
_aHyderbad: _b Universities Press, _c2017 |
||
| 300 | _a716 pages | ||
| 942 |
_2ddc _cBK _h576 _iKAN/T _k576 _mKAN/T |
||